| 000 | 00480nam a22001817a 4500 | ||
|---|---|---|---|
| 003 | BUBTL | ||
| 008 | 140129b xxu||||| |||| 00| 0 eng d | ||
| 082 |
_a658.10170 _bKHB |
||
| 100 |
_960 _aKhan, A. R. |
||
| 245 |
_aBusiness ethics _cby A. R. Khan. |
||
| 250 | _a1st | ||
| 260 |
_aDhaka, _bRuby Publications _cc2000. |
||
| 300 |
_a206p . : _bill , 25cm . _cBusiness . |
||
| 650 | 0 |
_961 _aBusiness |
|
| 856 |
_k0 _l0 _yDownload |
||
| 942 |
_2ddc _cBK |
||
| 999 |
_c48 _d48 |
||